Statistiken für Malta-Quiz

Klicken Sie hier um das Quiz zu spielen!

Allgemein

  • Dieses Quiz wurde 988 mal gespielt
  • Das Durchschnittsergebnis liegt bei 12 aus 17

Antwortstatistiken

FrageAntwort% Korrekt
Meer, in welchem sich Malta befindetMittelmeer
98%
Länder, die Malta geografisch am nächsten liegenItalien
97%
HauptstadtValletta
96%
AmtsspracheEnglisch
95%
Währung von MaltaEuro
93%
Land, von dem Malta 1964 unabhängig wurdeVereinigtes Königreich
92%
Malta hat weltweit die sechsthöchste Bevölkerungs____, gerade vor BangladeschDichte
91%
Länder, die Malta geografisch am nächsten liegenTunesien
86%
Objekt auf der FlaggeKreuz
82%
AmtsspracheMaltesisch
82%
Größte Insel, die 78% der Totalfläche Maltas ausmachtMalta
56%
Krieg, während dem die heldenhafte Verteidigung Maltas der gesamten Bevölkerung das Georgs-Kreuz verliehen wurdeZweiter Weltkrieg
48%
Religiöse Gruppe, die 1249 aus Malta vertrieben wurdeMoslem
41%
Zweitgrößte InselGozo
38%
Ordensgemeinschaft, die die Insel 1530–1798 kontrollierte{Johanniter}orden
33%
Malta besitzt eine Fabrik dieser beliebten Kinderspielzeuge, die 1974 in Deutschland entstandenPlaymobil
33%
Bevölkerungsreichste Stadt MaltasSt. {Paul}'s Bay
23%

Verteilung der Resultate

Perzentil nach korrekt beantworteten Fragen

Anzahl Personen mit jedem Resultat

Ihre Resultats-Entwicklung

Sie haben dieses Quiz noch nicht gespielt